000 00661nam a22001937a 4500
999 _c165731
_d165731
005 20230714125039.0
010 _aUR-10265
020 _a9789388356411
_c500.00
035 _aU-8820
037 _bDBAD/PUB
082 _a840.08
100 _aسکند ر ا حمد
245 _aنۓ تنقيد ی ز ا و يے /
_cسکند ر ا حمد
246 _bNaye Tanqeedi Zaviye (Urdu) /
_aby Sikander Ahmed
260 _aDelhi
_bEducational Publishing House
_c2018 ء
270 _a3191،Vakil Street,Kucha Pandit,Lal Kuan,
_bDelhi
_e110006
_k23216162
_l00911123211540
300 _a384 ص
_c22cm(pbk)
942 _2ddc
_cUR
_h840.08
_mس ک ن